Statistics for The Falkland Islands Quiz

Click here to take the quiz!

General Stats

  • This quiz has been taken 285 times
  • The average score is 9 of 15

Answer Stats

HintAnswer% Correct
Country that invaded the Falklands in 1982Argentina
94%
British prime minister during the Falklands WarMargaret Thatcher
85%
Country that gained control of the islands by 1771Spain
81%
Virtually the entire land area of the islands is used as pasture for this mammalSheep
74%
Population of the Falklands in 16000
73%
First country to establish a settlement in the islandsFrance
70%
Capital of the Falkland IslandsStanley
70%
If the Falklands was a country, it would rank as world's fifth _______ country per-capitaRichest
66%
Spanish name of the islandsIslas {Malvinas}
61%
The Volunteer Point in the capital is a hot spot for this types of animalPenguins
54%
Two largest islands of the FalklandsWest Falkland
47%
Two largest islands of the FalklandsEast Falkland
46%
Body of water located between those two islandsFalkland {Sound}
24%
Warrah was the only native land mammal of the islands, which is extinct since 1876.
What type of animal was warrah?
Wolf
16%
Biggest settlement in the island #2Port {Howard}
9%

Score Distribution

Percentile by Number Answered

Percent of People with Each Score

Your Score History

You have not taken this quiz